<?xml version="1.0" encoding="UTF-8"?>
<record
    xmlns:xsi="http://www.w3.org/2001/XMLSchema-instance"
    xsi:schemaLocation="http://www.loc.gov/MARC21/slim http://www.loc.gov/standards/marcxml/schema/MARC21slim.xsd"
    xmlns="http://www.loc.gov/MARC21/slim">

  <leader>00682cam a2200253   4500</leader>
  <controlfield tag="001">28633</controlfield>
  <controlfield tag="005">20220405165318.0</controlfield>
  <datafield tag="090" ind1=" " ind2=" ">
    <subfield code="a">28633</subfield>
  </datafield>
  <datafield tag="095" ind1=" " ind2=" ">
    <subfield code="a">PTBN00927509</subfield>
  </datafield>
  <datafield tag="100" ind1=" " ind2=" ">
    <subfield code="a">20071029d19      a  y0pory5003    ba</subfield>
  </datafield>
  <datafield tag="101" ind1="0" ind2=" ">
    <subfield code="a">por</subfield>
  </datafield>
  <datafield tag="102" ind1=" " ind2=" ">
    <subfield code="a">PT</subfield>
  </datafield>
  <datafield tag="930" ind1=" " ind2=" ">
    <subfield code="l">BECRE</subfield>
  </datafield>
  <datafield tag="675" ind1=" " ind2=" ">
    <subfield code="a">087.5</subfield>
    <subfield code="v">med</subfield>
    <subfield code="z">fre</subfield>
  </datafield>
  <datafield tag="675" ind1=" " ind2=" ">
    <subfield code="a">821.134.3-94"19" (043.2)</subfield>
    <subfield code="v">med</subfield>
    <subfield code="z">fre</subfield>
  </datafield>
  <datafield tag="700" ind1=" " ind2="1">
    <subfield code="a">Soares,</subfield>
    <subfield code="b">Lu&#xED;sa Ducla,</subfield>
    <subfield code="f">1939-</subfield>
    <subfield code="9">2431</subfield>
  </datafield>
  <datafield tag="702" ind1=" " ind2="1">
    <subfield code="a">Labey,</subfield>
    <subfield code="b">Catherine</subfield>
    <subfield code="4">440</subfield>
  </datafield>
  <datafield tag="998" ind1=" " ind2=" ">
    <subfield code="a">EEL13-429</subfield>
  </datafield>
  <datafield tag="200" ind1="1" ind2=" ">
    <subfield code="a">O gato e o rato</subfield>
    <subfield code="f">Lu&#xED;sa Ducla Soares</subfield>
    <subfield code="g">il. Catherine Labey</subfield>
  </datafield>
  <datafield tag="210" ind1=" " ind2=" ">
    <subfield code="a">[Lisboa]</subfield>
    <subfield code="c">Est&#xFA;dios cor,</subfield>
    <subfield code="d">[19--]</subfield>
  </datafield>
  <datafield tag="215" ind1=" " ind2=" ">
    <subfield code="a">1 v.</subfield>
    <subfield code="c">muito il. ,</subfield>
    <subfield code="d">20 cm</subfield>
  </datafield>
  <datafield tag="225" ind1="2" ind2=" ">
    <subfield code="a">Cor infantil</subfield>
  </datafield>
  <datafield tag="801" ind1=" " ind2="0">
    <subfield code="a">PT</subfield>
    <subfield code="b">BN</subfield>
    <subfield code="g">RPC</subfield>
  </datafield>
  <datafield tag="990" ind1=" " ind2=" ">
    <subfield code="c">LIVROS</subfield>
  </datafield>
  <datafield tag="995" ind1=" " ind2=" ">
    <subfield code="0">0</subfield>
    <subfield code="1">0</subfield>
    <subfield code="9">39685</subfield>
    <subfield code="b">BECEVIA</subfield>
    <subfield code="d">BECEVIA</subfield>
    <subfield code="f">1115BV</subfield>
    <subfield code="k">087.5 SOA </subfield>
    <subfield code="o">0</subfield>
    <subfield code="r">LIVROS</subfield>
    <subfield code="a">BECEVIA</subfield>
    <subfield code="c">BECEVIA</subfield>
    <subfield code="q">18</subfield>
  </datafield>
</record>
